000 00579nam a2200169Ia 4500
008 090201s9999 xx 000 0 und d
010 _aKPL-60333
040 _bमराठी
041 _aमराठी
082 _a2572
_b60333
100 _aव्यंकटेश माडगुळकर
245 _aमी आणि माझा बाप
_cव्यंकटेश माडगुळकर
260 _c2004
_bपद्मगंध प्रकाशन
300 _a96
_bमोठा
600 _aमी आणि माझा बाप
942 _cBOOK
999 _c203659
_d203659